ENGINEERING MECHANICS STATICS & DYNAMICS (Record no. 9421)
[ view plain ]
| 000 -LEADER | |
|---|---|
| fixed length control field | 00970nam a22001697a 4500 |
| 003 - CONTROL NUMBER IDENTIFIER | |
| control field | SGT |
| 020 ## - INTERNATIONAL STANDARD BOOK NUMBER | |
| International Standard Book Number | 9788131726990 |
| 082 ## - DEWEY DECIMAL CLASSIFICATION NUMBER | |
| Classification number | 620.1 |
| 100 ## - MAIN ENTRY--PERSONAL NAME | |
| Personal name | HIBBELER R.C. |
| 245 ## - TITLE STATEMENT | |
| Title | ENGINEERING MECHANICS STATICS & DYNAMICS |
| 250 ## - EDITION STATEMENT | |
| Edition statement | 11TH |
| 260 ## - PUBLICATION, DISTRIBUTION, ETC. (IMPRINT) | |
| Place of publication, distribution, etc | NEW DELHI |
| Name of publisher, distributor, etc | PEARSON |
| Year of Publication | 2010 |
| 300 ## - PAGE DESCRIPTION | |
| No. of Pages | 838 |
| 650 ## - SUBJECT ADDED ENTRY--TOPICAL TERM | |
| Topical term or geographic name as entry element | ENGINEERING & ALLIED OPERATIONS |
| 653 ## - KEYWORDS--INDEX TERM | |
| Keyword term | GENERAL PRINCIPLES, FORCE VECTORS, EQUILIBRIUM OF A PARTICLE, FORCE SYSTEM RESULTANTS, EQUILIBRIUM OF A RIGID BODY, STRUCTURAL ANALYSIS, INTERNAL FORCES, FRICTION, CENTER OF GRAVITY AND CENTROID, MOMENTS OF INERTIA, VIRTUAL WORK, KINEMATICS OF A PARTICLE, KINETICS OF A PARTICLE: FORCE AND ACCELERATION, KINETICS OF A PARTICLE: WORK AND ENERGY, KINETICS OF A PARTICLE: IMPULSE AND MOMENTUM, PLANAR KINEMATICS OF A RIGID BODY, PLANAR KINETICS OF A RIGID BODY: FORCE AND ACCELERATION, PLANAR KINETICS OF A RIGID BODY: WORK AND ENERGY, PLANAR KINETICS OF A RIGID BODY: IMPULSE AND MOMENTUM |
| 942 ## - ADDED ENTRY ELEMENTS (KOHA) | |
| Source of classification or shelving scheme | Dewey Decimal Classification |
| Koha item type | FPS Books |
| Withdrawn status | Lost status | Source of classification or shelving scheme | Damaged status | Not for loan | Collection code | Home library | Current library | Shelving location | Date acquired | Vendor Name | Cost, normal purchase price | SGTU | Bill Number | Full call number | Accession No. (Barcode) | Date last seen | Bill Date | Koha item type | Total Checkouts |
|---|---|---|---|---|---|---|---|---|---|---|---|---|---|---|---|---|---|---|---|
| Dewey Decimal Classification | Not For Loan | SCIENCE | SGT Science & Social Sciences Library | SGT Science & Social Sciences Library | Reference Book | 01/07/2016 | AHUJA BOOKS | 789.00 | SGTU | 6680 | 620.1 | PS1482 | 01/07/2016 | 03/03/2016 | FPS Books | ||||
| Dewey Decimal Classification | SCIENCE | SGT Science & Social Sciences Library | SGT Science & Social Sciences Library | Text Book | 03/09/2016 | AHUJA BOOK | 829.00 | SGTU | 7161 | 620.1 | PS2380 | 03/09/2016 | 16/08/2016 | FPS Books | |||||
| Dewey Decimal Classification | SCIENCE | SGT Science & Social Sciences Library | SGT Science & Social Sciences Library | Text Book | 03/09/2016 | AHUJA BOOK | 829.00 | SGTU | 7161 | 620.1 | PS2381 | 03/09/2016 | 16/08/2016 | FPS Books | |||||
| Dewey Decimal Classification | SCIENCE | SGT Science & Social Sciences Library | SGT Science & Social Sciences Library | Text Book | 03/09/2016 | AHUJA BOOK | 829.00 | SGTU | 7161 | 620.1 | PS2382 | 03/09/2016 | 16/08/2016 | FPS Books |